| 000 | 01070nam a2200277 i 4500 | ||
|---|---|---|---|
| 001 | 154224 | ||
| 003 | ES-MaACL | ||
| 005 | 20250815144959.0 | ||
| 008 | 931025s1795 sp |||| | spa d | ||
| 040 |
_aCARM _bspa _cPAB |
||
| 080 | _a75.023.2 | ||
| 100 | 1 |
_aGarcía de la Huerta, Pedro. _954446 |
|
| 245 | 1 | 0 |
_aComentarios de la pintura encáustica del pincel / _cpor D. Pedro Garcia de la Huerta. |
| 260 |
_aEn Madrid : _ben la imprenta Real, _c1795. |
||
| 300 |
_aXXVIII, 235 p. ; _c18 cm. |
||
| 530 | _aDisponible en formato digital. | ||
| 597 | _aSign.: [ ]², *8, **4, A-O8, P6. | ||
| 597 | _aTexto con notas a pie de página. | ||
| 597 | _aPortada con escudo xilográfico real. | ||
| 650 | 7 |
_aEncáustica (Pintura) _9157670 |
|
| 852 |
_aES-MaACL _jR-961 _z-- Enc. pasta española _x-- Olim: G-9247 |
||
| 852 |
_aES-MaACL _jR-454 _z-- Enc. pasta española _x-- Olim: D-1595 |
||
| 856 |
_uhttp://bdh-rd.bne.es/viewer.vm?id=0000143366&page=1 _zBiblioteca Digital Hispánica |
||
| 942 | _2udc | ||
| 999 |
_c154224 _d154224 |
||